000 01086nam a2200217 a 4500
001 000044921
005 20201002045731.0
008 150119s2013 dr a 000 0 spa d
020 _a9789945166231
040 _aDO-SdBNP
_bspa
_cBNPHU
082 _axxxx
_bxxxx
100 1 _aCruz, Consuelo
_956151
245 1 0 _aPerfil socioeconómico :
_bsituación laboral de las mujeres y su autonomía económica en los Municipios Santo Domingo Norte, Santo Domingo Este, San Antonio de Guerra y Dajabón /
_cConsuelo Cruz ; presentación Nelly Chalas.
260 _aSanto Domingo :
_bCE-MUJER,
_c2013.
300 _a182 p. :
_bil. ;
_c179 p.
500 _aBajo el apoyo de: Unión Europea
504 _aBibliografía : p. 181-182
505 0 _aPresentación --
_tIntroducción --
_tMunicipio Santo Domingo Este --
_tMunicipio Santo Domingo Norte --
_tMunicipio San Antonio de Guerra --
_tMunicipio Dajabón --
_tConclusiones y recomendaciones generales --
700 1 _aChalas, Nelly,
_eprest.
_92570
710 2 2 _aCentro Solidaridad Para Desarrollo De La Mujer (CE-MUJER), República Dominicana
_972934
999 _c44410
_d44410